Joueurs de l'équipe de France de handball - Statistiques

Statistiques générales
  • Ce quiz a été pris 24 fois
  • Le résultat moyen est 14 sur 20
Statistiques - réponses
Poste Numéro Joueur % Correct
Arrière gauche 8 Elohim Prandi
100%
Demi-centre 4 Aymeric Minne
89%
Pivot 23 Ludovic Fabregas
89%
Demi-centre 5 Nedim Remili
89%
Pivot 11 Nicolas Tournat
89%
Arrière droit 10 Dika Mem
83%
Ailier gauche 25 Hugo Descat
83%
Arrière gauche 39 Thibaud Briet
83%
Pivot 38 Arthur Lenne
78%
Arrière droit 9 Melvyn Richardson
78%
Ailier droit 2 Yanis Lenne
78%
Gardien de but 16 Charles Bolzinger
72%
Défenseur 34 Karl Konan
72%
Gardien de but 92 Rémi Desbonnet
72%
Ailier gauche 31 Dylan Nahi
61%
Ailier droit 6 Julien Bos
61%
Ailier droit 29 Benoît Kounkoud
44%
Gardien de but 12 Valentin Kieffer
39%
Arrière gauche 37 Aymeric Zaepfel
22%
Ailier gauche 30 Wallem Peleka
17%
Aucun quiz correspondant
Distribution des résultats
% des personnes avec chaque résultat
Percentile par nombre de réponses
Votre historique - résultats
Vous n’avez pas pris ce quiz